00533 a2200157 4500020001100000035001300011037003500024082001300059100001800072245012000090250001400210260004900224270005200273300002900325700002100354 c670.00 aB-295866 bJai Prakasah Nath Publications14a540bAGA1 aAgarwal, O.P.1 aIIT chemistrybfor IIT joint entrance and other engineering entrance examinationscby O.P. Agarwal, Avinash Agarwal a125th ed. aMeerutbJai Prakasah Nath Publicationsc2009 aGrah Nauchandi chauraha,Garh Road,Meerut-250002 axx, 1286p.c24 cm (pbk) aAgarwal, Avinash